Аллегории времени (Запись № 11225002)

Подробности
000 -МАРКЕР
контрольное поле 01929nam0a2200349 4500
001 - ИДЕНТИФИКАТОР ЗАПИСИ
контрольное поле RU\NLR\BIBL_A\011347250
005 - ИДЕНТИФИКАТОР ВЕРСИИ
контрольное поле 20241105165122.0
010 ## - МЕЖДУНАРОДНЫЙ СТАНДАРТНЫЙ НОМЕР КНИГИ (ISBN)
Номер (ISBN) 9785990787933
Тираж 50
021 ## - НОМЕР ГОСУДАРСТВЕННОЙ РЕГИСТРАЦИИ
Код страны Российская Федерация
Номер 2017-398и
Номер Листа государственной регистраци 33и
035 ## - ДРУГИЕ СИСТЕМНЫЕ НОМЕРА
Идентификатор записи (RuMoRGB)008816088
035 ## - ДРУГИЕ СИСТЕМНЫЕ НОМЕРА
Идентификатор записи (NLR Aleph) 011347250
100 ## - ДАННЫЕ ОБЩЕЙ ОБРАБОТКИ
Данные общей обработки 20170316d2016 u y0rusy50 ca
101 0# - ЯЗЫК РЕСУРСА
Язык текста, звукозаписи и т.д. русский
102 ## - СТРАНА ПУБЛИКАЦИИ ИЛИ ПРОИЗВОДСТВА
Страна публикации Российская Федерация
105 ## - ПОЛЕ КОДИРОВАННЫХ ДАННЫХ: ТЕКСТОВЫЕ МАТЕРИАЛЫ, МОНОГРАФИЧЕСКИЕ
Кодированные данные о монографическом текстовом документе ach|zzzz0||zd
200 1# - ЗАГЛАВИЕ И СВЕДЕНИЯ ОБ ОТВЕТСТВЕННОСТИ
Основное заглавие Аллегории времени
Сведения, относящиеся к заглавию живопись, акварель, эмаль
-- [альбом ]
Первые сведения об ответственности Светлана Пономаренко (Савина)
Последующие сведения об ответственности Санкт-Петербургская государственная художественно-промышленная академия им. А. Л. Штиглица, Союз художников России
-- [авт. ст.: О. Н. Мусакова, Р. А. Бахтияров]
210 ## - ПУБЛИКАЦИЯ, РАСПРОСТРАНЕНИЕ И ДР.
Место издания, распространения и т.д. Санкт-Петербург
Имя издателя, распространителя и т. д. СПГХПА
Дата издания, распространения и т.д. 2016
215 ## - ФИЗИЧЕСКАЯ ХАРАКТЕРИСТИКА
Специфическое обозначение материала и объем 163 с.
Другие сведения о физической характеристике ил., цв. ил., цв. портр., факс.
Размеры 31
300 ## - ОБЩИЕ ПРИМЕЧАНИЯ
Текст примечания На обороте тит. л. авт.: засл. художник России, проф. Светлана Пономаренко (Савина)
600 #1 - ИМЯ ЛИЦА КАК ПРЕДМЕТ
Начальный элемент ввода Пономаренко
Часть имени, кроме начального элемента ввода С. П.
Даты 1946
Расширение инициалов личного имени Светлана Петровна
Формальный подзаголовок Альбомы
Системный номер авторитетной/нормативной записи 2092233
Идентификатор авторитетной/нормативной записи RU\NLR\AUTH\661266260
686 ## - ИНДЕКСЫ ДРУГИХ КЛАССИФИКАЦИЙ
Индекс Щ143(2Р=Р)7-8Пономаренко С.П.4я61
Код системы
686 ## - ИНДЕКСЫ ДРУГИХ КЛАССИФИКАЦИЙ
Индекс Щ125.443(2Р=Р)7-8Пономаренко С.П.44я61
Код системы
686 ## - ИНДЕКСЫ ДРУГИХ КЛАССИФИКАЦИЙ
Индекс Щ125.440.806я61
Код системы
686 1# - ИНДЕКСЫ ДРУГИХ КЛАССИФИКАЦИЙ
Индекс Щ143(2Р=Рус)7-8Пономаренко я61
686 1# - ИНДЕКСЫ ДРУГИХ КЛАССИФИКАЦИЙ
Индекс Щ125.444.3(2Р=Рус)7-8Пономаренко я61
700 #1 - ИМЯ ЛИЦА - ПЕРВИЧНАЯ ОТВЕТСТВЕННОСТЬ
Начальный элемент ввода Пономаренко
Часть имени, кроме начального элемента ввода С. П.
Дополнения к именам, кроме дат художник
Даты 1946-
Расширение инициалов личного имени Светлана Петровна
Системный номер авторитетной/нормативной записи 167496
Идентификатор авторитетной/нормативной записи RU\NLR\AUTH\770167543
942 ## - ДОПОЛНИТЕЛЬНЫЕ ЭЛЕМЕНТЫ ЗАПИСИ (АБИС)
Тип экземпляра АБИС Книга
980 ## - КОЛЛЕКЦИЯ
Название коллекции НБР

Нет доступных экземпляров.